La economía social de mercado (Record no. 7762)

MARC details
000 -CABECERA
campo de control de longitud fija 00855nam a2200265 a 4500
001 - NÚMERO DE CONTROL
campo de control BRCA_8094
005 - FECHA Y HORA DE LA ÚLTIMA TRANSACCIÓN
campo de control 20190320210129.0
008 - DATOS DE LONGITUD FIJA--INFORMACIÓN GENERAL
campo de control de longitud fija 070414s1964----gw-####f##---#001-0#ger-#
041 ## - CÓDIGO DE LENGUA
Código de lengua del texto/banda sonora o título independiente ger
044 ## - CÓDIGO DEL PAÍS DE LA ENTIDAD EDITORA/PRODUCTORA
Código MARC del país gw
050 #4 - SIGNATURA TOPOGRÁFICA DE LA BIBLIOTECA DEL CONGRESO
Número de clasificación HC286.5
Número de documento/Ítem .ER67
-- 1964
100 1# - ENTRADA PRINCIPAL--NOMBRE DE PERSONA
Nombre de persona Erhard Ludwig
9 (RLIN) 20130
245 10 - MENCIÓN DE TÍTULO
Título La economía social de mercado
Resto del título política económica de Alemania
Mención de responsabilidad, etc. Ludwig Erhard ; traducción del alemán por Manuel Scholz y Emma Gifre.
260 ## - PUBLICACIÓN, DISTRIBUCIÓN, ETC.
Lugar de publicación, distribución, etc. Barcelona
Nombre del editor, distribuidor, etc. Omega
Fecha de publicación, distribución, etc. 1964
300 ## - DESCRIPCIÓN FÍSICA
Extensión 434 p.
Otras características físicas Tablas
Dimensiones 22 cm.
500 ## - NOTA GENERAL
Nota general Y135
500 ## - NOTA GENERAL
Nota general Dedicatoria del autor al señor Franz Mayer
650 14 - PUNTO DE ACCESO ADICIONAL DE MATERIA--TÉRMINO DE MATERIA
Término de materia o nombre geográfico como elemento de entrada Economía
Subdivisión geográfica Alemania
9 (RLIN) 14494
650 14 - PUNTO DE ACCESO ADICIONAL DE MATERIA--TÉRMINO DE MATERIA
Término de materia o nombre geográfico como elemento de entrada Mercado
Subdivisión de forma Políticas sociales
Subdivisión geográfica Alemania
9 (RLIN) 20131
650 14 - PUNTO DE ACCESO ADICIONAL DE MATERIA--TÉRMINO DE MATERIA
Término de materia o nombre geográfico como elemento de entrada Fianazas
Subdivisión geográfica Alemania
9 (RLIN) 20132
700 1# - PUNTO DE ACCESO ADICIONAL--NOMBRE DE PERSONA
Nombre de persona Scholz, Manuel
Término indicativo de función/relación tr.
9 (RLIN) 20133
700 1# - PUNTO DE ACCESO ADICIONAL--NOMBRE DE PERSONA
Nombre de persona Gifre, Ema
Término indicativo de función/relación tr.
9 (RLIN) 20134
902 ## - CATALOGADOR
Iniciales GFM
942 ## - ELEMENTOS DE PUNTO DE ACCESO ADICIONAL (KOHA)
Fuente del sistema de clasificación o colocación Library of Congress Classification
Tipo de ítem Koha Libros
Holdings
Estado de retiro Estado de pérdida Estado dañado No para préstamo Localización permanente Ubicación/localización actual Fecha de adquisición Número de inventario Total de préstamos Signatura topográfica completa Código de barras Fecha visto por última vez Precio válido a partir de Tipo de ítem Koha
El ejemplar forma parte de la colección y puede ser consultado según las políticas vigentes.       Biblioteca del Museo Franz Mayer (Rogerio Casas-Alatriste) Biblioteca del Museo Franz Mayer (Rogerio Casas-Alatriste) 07/04/2014 Y135   HC286.5 .ER67 1964 (Y135) 8718 22/03/2019 22/03/2019 Libros